Bước đầu xác định chỉ số LC50 của hai hoạt chất đối với bốn chủng rầy nâu (nilaparvata lugens stal) thu thập ở đồng bằng sông Cửu Long và hiệu quả của một số loại thuốc hoá học tại Vĩnh Long và Cần Thơ

Đề tài thí nghiệm xác định giá trị LC50 đối với hoạt chất Deltamethrin và hoạt chất Imidacloprid trên chủng rầy nâu thu thập tại An Giang, Vĩnh Long, Cần Thơ, Tiền Giang.

Wedi'i Gadw mewn:
Manylion Llyfryddiaeth
Prif Awdur: Trần, Bá Sơn
Fformat: Llyfr
Iaith:Undetermined
Cyhoeddwyd: Cần Thơ Đại học Cần Thơ 2009
Pynciau:
Tagiau: Ychwanegu Tag
Dim Tagiau, Byddwch y cyntaf i dagio'r cofnod hwn!
Thư viện lưu trữ: Trung tâm Học liệu Trường Đại học Cần Thơ
LEADER 01358nam a2200229Ia 4500
001 CTU_154514
008 210402s9999 xx 000 0 und d
082 |a 632.960284 
082 |b S464 
088 |a 60620112 
100 |a Trần, Bá Sơn 
245 0 |a Bước đầu xác định chỉ số LC50 của hai hoạt chất đối với bốn chủng rầy nâu (nilaparvata lugens stal) thu thập ở đồng bằng sông Cửu Long và hiệu quả của một số loại thuốc hoá học tại Vĩnh Long và Cần Thơ 
245 0 |c Trần Bá Sơn ; người hướng dẫn khoa học Trần Văn Hai, Phạm Kim Sơn 
260 |a Cần Thơ 
260 |b Đại học Cần Thơ 
260 |c 2009 
520 |a Đề tài thí nghiệm xác định giá trị LC50 đối với hoạt chất Deltamethrin và hoạt chất Imidacloprid trên chủng rầy nâu thu thập tại An Giang, Vĩnh Long, Cần Thơ, Tiền Giang. 
650 |a Ngành bảo vệ thục vật,Sinh vật ăn bám,Insecticides,Parasites,Plant protection industry,Thuốc trừ sâu 
650 |x Kiểm soát,Control 
650 |z Việt Nam,Vietnam 
904 |i Trọng Hiếu 
980 |a Trung tâm Học liệu Trường Đại học Cần Thơ